Seminario sobre delitos contra las personas

Saved in:
Bibliografiske detaljer
Institution som forfatter: Centro de estudios Judiciales (Author)
Format: Bog
Sprog:spansk
Udgivet: Madrid Ministerio de Justicia 1990
Serier:Colección Cursos, 4
Fag:
Tags: Tilføj Tag
Ingen Tags, Vær først til at tagge denne postø!

MARC

LEADER 00000nam a2200000 a 4500
001 UCU9407
003 CL-VaPUC
008 960816e19900000SP |||||||||||||||||spa|d
082 0 4 |a 364.15  |b CEN  |2 21 
110 2 |a Centro de estudios Judiciales  |e author  |9 368478 
245 1 0 |a Seminario sobre delitos contra las personas 
300 |a 169 p 
942 |c BK 
945 |d 19960816 00:00:00  |a rleighto 
260 |a Madrid  |b Ministerio de Justicia  |c 1990 
650 7 |a DERECHO PENAL  |2 CL-VaPUC  |9 11 
650 7 |a DELITOS CONTRA LAS PERSONAS  |2 CL-VaPUC  |9 256124 
650 0 |a Procedimiento penal  |9 254974 
583 |a last modification  |c 19960816 00:00:00  |k Rodrigo Vera 
490 0 |a Colección Cursos, 4 
999 |c 251155  |d 251153 
952 |0 0  |1 0  |4 0  |6 364_150000000000000_CEN_1990  |7 0  |8 A  |9 270132  |a BIBDER  |b BIBDER  |d 2019-11-19  |i 322029K  |o 364.15 CEN 1990  |p 322029K  |r 2023-01-25  |w 2019-11-19  |y BK  |k DER